| 000 | 00534nam a2200193Ia 4500 | ||
|---|---|---|---|
| 008 | 090123s9999 xx 000 0 und d | ||
| 082 |
_b2558 _a891.463/नंदा |
||
| 100 | _aनंदा गुलशन | ||
| 245 | _aगेलार्ड | ||
| 250 | _a1 | ||
| 260 | _c1972 | ||
| 300 | _a256 | ||
| 600 | _aनंदा गुलशन | ||
| 630 | _aगेलार्ड | ||
| 700 | _aनंदा गुलशन | ||
| 700 | _aभागवत लीलावती | ||
| 730 | _aगेलार्ड | ||
| 942 | _cBOOK | ||
| 999 |
_c40642 _d40642 |
||